Hazbin Hotel - Easy Lyrics - Statistics

General Stats
  • This quiz has been taken 113 times
  • The average score is 224 of 276
Answer Stats
Answer % Correct
a
100%
I
100%
love
100%
you
100%
You
100%
know
97%
Shut
97%
up
97%
that
95%
we
95%
We
95%
(We
95%
and
94%
can
94%
in
94%
In
94%
the
94%
The
94%
your
94%
Your
94%
baby
92%
my
92%
this
92%
come
91%
Hell
91%
but
89%
But
89%
do
89%
no
89%
No
89%
to
88%
who
88%
angel
86%
anyone
86%
Anyone
86%
anything
86%
body
86%
fallen
86%
mine
86%
one
86%
easy
85%
(Easy)
85%
hand
85%
me
85%
princess
85%
spiral
85%
else
83%
it
83%
it)
83%
need
83%
don't
82%
for
82%
is
82%
of
82%
rest
82%
enough
80%
that's
80%
already
78%
through
78%
'cause
77%
'Cause
77%
make
77%
Some
77%
Well
77%
(We'll
77%
we'll
77%
finds
75%
found
75%
with
75%
crazy
74%
get
74%
true
74%
You're
74%
you're
74%
all
72%
are
72%
heart
72%
appreciate
71%
dreams
71%
our
71%
friends
69%
comes
68%
back
66%
forgettin'
66%
break
65%
close
65%
fatal
65%
Two
65%
can't
63%
souls
63%
cycle
62%
haven't
62%
how
62%
never
62%
stars
62%
goal
60%
line
60%
see
60%
here's
57%
am
55%
anymore
55%
They
55%
war
55%
When
55%
blow
54%
firin'
54%
lose
54%
heart's
51%
managed
51%
there's
51%
doesn't
49%
withstand
49%
facing
48%
touch
48%
way
48%
let
46%
somehow
46%
sun
46%
we're
46%
pit
45%
pillar
43%
fulfiller
42%
silver
42%
gone
38%
Everyone's
35%
lining's
32%
No matching quizzes found
Score Distribution
Percent of People with Each Score
Percentile by Number Answered
Your Score History
You have not taken this quiz